Inter..., extra o PR a internete (Intra... zatiaľ nič extra!)
Prehľad názorov na internet. Údaje o využívaní internetu. Používatelia tohto moderného média. Zneužívatelia internetu. Rady pre prevádzkovateľov a používateľov internetových stránok. Podmienky internetovej komunikácie. Internet, extranet a intranet.
Salvato in:
| Autore principale: | |
|---|---|
| Natura: | Capitolo di libro |
| Lingua: | slovacco |
| Soggetti: | |
| Tags: |
Nessun Tag, puoi essere il primo ad aggiungerne!!
|
MARC
| LEADER | 00000naa$a2200000$$$4500 | ||
|---|---|---|---|
| 001 | 0003336 | ||
| 005 | 20231004101159.9 | ||
| 041 | 0 | |a slo | |
| 044 | |a CZ | ||
| 245 | 1 | 0 | |a Inter..., extra o PR a internete |b (Intra... zatiaľ nič extra!) |c aut. Ivan Žáry |
| 520 | |a Prehľad názorov na internet. Údaje o využívaní internetu. Používatelia tohto moderného média. Zneužívatelia internetu. Rady pre prevádzkovateľov a používateľov internetových stránok. Podmienky internetovej komunikácie. Internet, extranet a intranet. | ||
| 610 | 2 | 0 | |a práca s verejnosťou |
| 610 | 2 | 0 | |a internet |
| 610 | 2 | 0 | |a technológie komunikačné |
| 610 | 2 | 0 | |a trh elektronický |
| 100 | 1 | |a Žáry, Ivan | |